This is us. The complete first season /

"Centered on characters who share the same birthday, the story follows several decades in the lives of Jack and Rebecca Pearson"--Container.

Bibliographic Details
Main Author: Fogelman, Dan (Creator)
Corporate Author: Twentieth Century Fox Home Entertainment, Inc
Other Authors: Ventimiglia, Milo, 1977- (Actor), Moore, Mandy, 1984- (Actor), Brown, Sterling K. (Actor), Metz, Chrissy, 1980- (Actor), Hartley, Justin, 1977- (Actor), Watson, Susan Kelechi, 1981- (Actor), Sullivan, Chris, 1980- (Actor), Jones, Ron Cephas (Actor)
Format: Video DVD
Language:English
Spanish
Portuguese
Language Notes:In English (Dolby Digital 5.1), Spanish (surround Dolby Digital 2.0), or Portuguese (surround Dolby Digital 2.0) with optional French, Spanish, or Portuguese subtitles; English subtitles for the deaf and hard-of-hearing (SDH); closed aptioned.
Published: Beverly Hills, CA : Twentieth Century Fox Home Entertainment, [2017]
Subjects:

MARC

Tag First Indicator Second Indicator Subfields
LEADER 00000cgm a2200000Ii 4500
001 in00003965531
005 20180918104536.0
007 vd cvaizk
008 170807p20172016cau775 e vleng d
019 |a 1004428098  |a 1005359769  |a 1014263588  |a 1014355651 
024 1 0 |a 024543319016 
024 1 |a 024543319023 
028 4 2 |a 2331901  |b Twentieth Century Fox Home Entertainment 
033 2 1 |a 2016----  |a 2017----  |b 5700 
035 |a (OCoLC)ocn999822686 
035 |a (OCoLC)999822686  |z (OCoLC)1004428098  |z (OCoLC)1005359769  |z (OCoLC)1014263588  |z (OCoLC)1014355651 
037 |b Midwest Tape  |n http://www.midwesttapes.com 
040 |a TEFMT  |b eng  |e rda  |c TEFMT  |d OCLCO  |d TEF  |d PX0  |d OCLCQ  |d GK8  |d IBI  |d NKM  |d TXWBR  |d IEP  |d RB0  |d OCLCF  |d GIBML  |d TXTLL  |d INU  |d OCL  |d OCLCQ  |d OCLCO  |d NUI  |d UtOrBLW 
041 0 |a eng  |a spa  |a por  |j spa  |j fre  |j eng  |j por 
049 |a TXAM 
050 4 |a PN1992.77  |b .T559 2017 
082 0 4 |a 791.45/75  |2 23 
090 |a PN1992.77.T5615  |b T56 2017 
245 0 0 |a This is us.  |n The complete first season /  |c 20th Century Fox Television ; created by Dan Fogelman. 
246 3 |a This is us.  |n Season one 
246 3 |a This is us.  |n Season 1 
257 |a United States  |2 naf 
264 1 |a Beverly Hills, CA :  |b Twentieth Century Fox Home Entertainment,  |c [2017] 
300 |a 5 videodiscs (approximately 775 min.) :  |b sound, color ;  |c 4 3/4 in. 
336 |a two-dimensional moving image  |b tdi  |2 rdacontent 
337 |a video  |b v  |2 rdamedia 
338 |a videodisc  |b vd  |2 rdacarrier 
340 |b 4 3/4 in.  |2 rda 
344 |a digital  |b optical  |g surround  |h Dolby Digital 5.1  |2 rda 
344 |a digital  |b optical  |g surround  |h Dolby Digital 2.0  |2 rda 
345 |a widescreen (1.78:1)  |b 24 fps  |2 rda 
346 |b NTSC  |2 rda 
347 |a video file  |b DVD video  |e Region 1  |2 rda 
380 |a Television programs  |2 lcgft 
538 |a DVD, NTSC, region 1; widescreen (1.78:1) presentation; Dolby Digital 5.1, surround Dolby Digital 2.0. 
546 |a In English (Dolby Digital 5.1), Spanish (surround Dolby Digital 2.0), or Portuguese (surround Dolby Digital 2.0) with optional French, Spanish, or Portuguese subtitles; English subtitles for the deaf and hard-of-hearing (SDH); closed aptioned. 
500 |a Language options taken from DVD menu screen; all options may not be present on container packaging. 
500 |a Title from disc surface. 
511 1 |a Milo Ventimiglia, Mandy Moore, Sterling K. Brown, Chrissy Metz, Justin Hartley, Susan Kelechi Watson, Chris Sullivan, Ron Cephas Jones. 
518 |a Originally broadcast on television by NBC during the 2016-2017 television season. 
500 |a Widescreen (1.78:1). 
521 8 |a Not rated ; TV-14 ; "mature theme." 
520 |a "Centered on characters who share the same birthday, the story follows several decades in the lives of Jack and Rebecca Pearson"--Container. 
500 |a Special features: "The aftershow" on all episodes. 
505 0 0 |g Disc 1:  |t Pilot ;  |t The big three ;  |t Kyle --  |g disc 2.  |t The pool ;  |t The game plan ;  |t Career days ;  |t The best washing machine in the world --  |g disc 3.  |t Pilgrim Rick ;  |t The trip ;  |t Last Christmas ;  |t The right thing to do --  |g disc 4.  |t The big day ;  |t Three sentences ;  |t I call marriage ;  |t Jack Pearson's son --  |g disc 5.  |t Memphis ;  |t What now? ;  |t Moonshadow. 
650 0 |a Man-woman relationships  |v Drama.  |0 http://id.loc.gov/authorities/subjects/sh2008107215 
650 0 |a Families  |v Drama.  |0 http://id.loc.gov/authorities/subjects/sh2008103500 
650 0 |a Interpersonal relations  |v Drama.  |0 http://id.loc.gov/authorities/subjects/sh2008104862 
650 7 |a Families.  |2 fast  |0 (OCoLC)fst01728849 
650 7 |a Interpersonal relations.  |2 fast  |0 (OCoLC)fst00977397 
650 7 |a Man-woman relationships.  |2 fast  |0 (OCoLC)fst01007080 
655 7 |a Drama.  |2 fast  |0 (OCoLC)fst01423879 
655 7 |a Fiction television programs.  |2 fast  |0 (OCoLC)fst01710265 
655 7 |a Television comedies.  |2 fast  |0 (OCoLC)fst01710440 
655 7 |a Television melodramas.  |2 fast  |0 (OCoLC)fst01710567 
655 7 |a Television programs for the hearing impaired.  |2 fast  |0 (OCoLC)fst01710267 
655 7 |a Television series.  |2 fast  |0 (OCoLC)fst01710566 
655 7 |a Video recordings for the hearing impaired.  |2 fast  |0 (OCoLC)fst01710450 
655 7 |a Television melodramas.  |2 lcgft  |0 http://id.loc.gov/authorities/genreForms/gf2011026664 
655 7 |a Television series.  |2 lcgft  |0 http://id.loc.gov/authorities/genreForms/gf2011026680 
655 7 |a Fiction television programs.  |2 lcgft  |0 http://id.loc.gov/authorities/genreForms/gf2011026252 
655 7 |a Video recordings for the hearing impaired.  |2 lcgft  |0 http://id.loc.gov/authorities/genreForms/gf2011026725 
700 1 |a Fogelman, Dan,  |e creator.  |0 http://id.loc.gov/authorities/names/no2007018799 
700 1 |a Ventimiglia, Milo,  |d 1977-  |e actor.  |0 http://id.loc.gov/authorities/names/no2007077199 
700 1 |a Moore, Mandy,  |d 1984-  |e actor.  |0 http://id.loc.gov/authorities/names/no99089888 
700 1 |a Brown, Sterling K.,  |e actor.  |0 http://id.loc.gov/authorities/names/n2013065232 
700 1 |a Metz, Chrissy,  |d 1980-  |e actor.  |0 http://id.loc.gov/authorities/names/no2017132223 
700 1 |a Hartley, Justin,  |d 1977-  |e actor.  |0 http://id.loc.gov/authorities/names/no2012003596 
700 1 |a Watson, Susan Kelechi,  |d 1981-  |e actor.  |0 http://id.loc.gov/authorities/names/no2017132272 
700 1 |a Sullivan, Chris,  |d 1980-  |e actor.  |0 http://id.loc.gov/authorities/names/no2017010885 
700 1 |a Jones, Ron Cephas,  |e actor.  |0 http://id.loc.gov/authorities/names/no2009035285 
710 2 |a NBC Television Network,  |e broadcaster.  |0 http://id.loc.gov/authorities/names/n81112494 
710 2 |a Twentieth Century-Fox Television, Inc.,  |e production company.  |0 http://id.loc.gov/authorities/names/n50080346 
710 2 |a Twentieth Century Fox Home Entertainment, Inc.  |0 http://id.loc.gov/authorities/names/no96013286 
730 0 2 |i Container of (work) :  |a This is us (Television program).  |n Season 1. 
730 0 2 |i Container of (expression) :  |a This is us (Television program).  |n Season 1.  |l Spanish. 
730 0 2 |i Container of (expression) :  |a This is us (Television program).  |n Season 1.  |l Portuguese. 
994 |a C0  |b TXA 
948 |a cataloged  |b h  |c 2018/01/26  |d c  |e blrosas  |f 1:24:58 pm 
999 f f |s 1d7ad4c1-917d-374b-a293-4f75113f9dc8  |i c64bcac6-3328-3035-aa71-d85f4904073a  |t 0 
952 f f |p dvd  |a Texas A&M University  |b College Station  |c Sterling C. Evans Library  |d Evans: Media and Reserves (Annex 1st floor)  |t 0  |e PN1992.77.T5615 T56 2017  |h Library of Congress classification  |i video -- videodisc  |m A14850420994 
998 f f |a PN1992.77.T5615 T56 2017  |t 0  |l Evans: Media and Reserves (Annex 1st floor)